|
|
|
|
| LEADER |
01543cas a2200253 a 4500 |
| 001 |
AALejournalIMF016413 |
| 008 |
230101c9999 xx r poo 0 0eng d |
| 020 |
|
|
|c 5.00 USD
|
| 020 |
|
|
|z 9781513531557
|
| 022 |
|
|
|a 1018-5941
|
| 040 |
|
|
|a BD-DhAAL
|c BD-DhAAL
|
| 100 |
1 |
|
|a Eyraud, Luc.
|
| 245 |
1 |
0 |
|a End of the Supercycle and Growth of Commodity Producers :
|b The Case of Chile /
|c Luc Eyraud.
|
| 264 |
|
1 |
|a Washington, D.C. :
|b International Monetary Fund,
|c 2015.
|
| 300 |
|
|
|a 1 online resource (27 pages)
|
| 490 |
1 |
|
|a IMF Working Papers
|
| 500 |
|
|
|a <strong>Off-Campus Access:</strong> No User ID or Password Required
|
| 500 |
|
|
|a <strong>On-Campus Access:</strong> No User ID or Password Required
|
| 506 |
|
|
|a Electronic access restricted to authorized BRAC University faculty, staff and students
|
| 520 |
3 |
|
|a This paper estimates the effect of copper prices on Chile's growth at various time horizons. We find that a price decline is likely to have a durable (although not permanent) effect on GDP growth: while the impact is the strongest in the first 3 years after the shock, the transition towards the new lower steady-state GDP level generally takes 5-10 years. From a production function perspective, the GDP growth slowdown is mainly driven by lower capital accumulation.
|
| 538 |
|
|
|a Mode of access: Internet
|
| 651 |
|
7 |
|a Chile
|2 imf
|
| 830 |
|
0 |
|a IMF Working Papers; Working Paper ;
|v No. 2015/242
|
| 856 |
4 |
0 |
|z Full text available on IMF
|u http://elibrary.imf.org/view/journals/001/2015/242/001.2015.issue-242-en.xml
|z IMF e-Library
|